[Event "High League 2022 women"]
[Site "Obninsk"]
[Date "2022.06.28"]
[Round "3.21"]
[White "Malysheva, Viktoriya"]
[Black "Abakarova, Amina"]
[Result "1/2-1/2"]
[LiveChessVersion "1.4.7"]
[BlackElo "1825"]
[WhiteElo "1563"]

1. e4 {[%clk 1:30:49]} e5 {[%clk 1:30:54]} 2. Nf3 {[%clk 1:30:54]} Nc6
{[%clk 1:31:19]} 3. Bb5 {[%clk 1:31:19]} Nf6 {[%clk 1:31:31]} 4. O-O
{[%clk 1:31:06]} Nxe4 {[%clk 1:31:43]} 5. Re1 {[%clk 1:31:20]} Nd6
{[%clk 1:32:04]} 6. a4 {[%clk 1:31:42]} Be7 {[%clk 1:31:56]} 7. Nc3
{[%clk 1:31:53]} a6 {[%clk 1:29:49]} 8. Bxc6 {[%clk 1:31:15]} dxc6
{[%clk 1:30:10]} 9. Nxe5 {[%clk 1:28:09]} O-O {[%clk 1:28:52]} 10. d4
{[%clk 1:18:43]} Be6 {[%clk 1:26:08]} 11. Bf4 {[%clk 1:15:54]} Nf5
{[%clk 1:20:57]} 12. Nf3 {[%clk 1:08:20]} Bb4 {[%clk 1:09:31]} 13. Rxe6
{[%clk 0:46:06]} fxe6 {[%clk 1:09:21]} 14. Be5 {[%clk 0:41:58]} Bd6
{[%clk 1:03:41]} 15. Qe2 {[%clk 0:40:24]} Nh4 16. Nxh4 {[%clk 0:37:59]} Qxh4
{[%clk 0:57:27]} 17. g3 {[%clk 0:34:32]} Qh3 {[%clk 0:56:13]} 18. f4
{[%clk 0:33:06]} Bxe5 {[%clk 0:54:05]} 19. dxe5 {[%clk 0:32:55]} Rad8
{[%clk 0:52:02]} 20. Ne4 {[%clk 0:31:13]} Rd4 {[%clk 0:45:54]} 21. c3
{[%clk 0:28:16]} Rd5 {[%clk 0:45:40]} 22. Rd1 {[%clk 0:24:44]} Rfd8
{[%clk 0:42:44]} 23. Rxd5 {[%clk 0:24:45]} Rxd5 {[%clk 0:43:13]} 24. b4
{[%clk 0:23:20]} b6 {[%clk 0:37:34]} 25. Nf2 {[%clk 0:21:27]} Qf5
{[%clk 0:36:51]} 26. Qxa6 {[%clk 0:21:04]} h5 {[%clk 0:35:03]} 27. Qc8+
{[%clk 0:11:07]} Kh7 {[%clk 0:35:02]} 28. Qxc7 {[%clk 0:10:20]} h4 29. Qxc6
{[%clk 0:03:40]} Qb1+ {[%clk 0:28:24]} 30. Kg2 {[%clk 0:04:01]} h3+ 31. Kf3
{[%clk 0:04:14]} Qf1 {[%clk 0:12:29]} 32. Qe8 {[%clk 0:04:25]} Rd3+
{[%clk 0:07:03]} 33. Kg4 {[%clk 0:04:42]} Qxf2 {[%clk 0:07:21]} 34. Qh5+
{[%clk 0:05:00]} Kg8 {[%clk 0:07:41]} 35. Qe8+ Kh7 {[%clk 0:08:04]} 36. Qh5+
{[%clk 0:05:09]} Kg8 {[%clk 0:08:25]} 37. Qe8+ Kh7 1/2-1/2

[Event "High League 2022 women"]
[Site "Obninsk"]
[Date "2022.06.28"]
[Round "3.22"]
[White "Volchkova, Alena"]
[Black "Chervyakova, Tatiana"]
[Result "1-0"]
[LiveChessVersion "1.4.7"]
[BlackElo "1641"]
[WhiteElo "1823"]

1. c4 {[%clk 1:30:57]} e5 {[%clk 1:30:24]} 2. Nc3 {[%clk 1:31:24]} f5
{[%clk 1:30:20]} 3. g3 {[%clk 1:31:43]} g6 {[%clk 1:29:10]} 4. d4
{[%clk 1:30:22]} Bg7 {[%clk 1:19:46]} 5. dxe5 {[%clk 1:26:23]} Bxe5
{[%clk 1:19:31]} 6. Nf3 {[%clk 1:26:12]} Bg7 {[%clk 1:16:32]} 7. Bg5
{[%clk 1:15:00]} Nf6 {[%clk 1:11:29]} 8. Bg2 {[%clk 1:05:41]} d6 {[%clk 0:59:58]}
9. O-O {[%clk 1:04:27]} Nbd7 {[%clk 0:51:01]} 10. e4 {[%clk 0:50:15]} fxe4
{[%clk 0:44:40]} 11. Nxe4 {[%clk 0:49:49]} O-O {[%clk 0:40:31]} 12. Qb3
{[%clk 0:40:51]} h6 {[%clk 0:33:29]} 13. Nxf6+ {[%clk 0:39:30]} Nxf6
{[%clk 0:32:45]} 14. Be3 {[%clk 0:36:06]} Qe7 {[%clk 0:20:40]} 15. Rae1
{[%clk 0:32:07]} Qf7 {[%clk 0:19:51]} 16. Bd4 {[%clk 0:24:17]} c6
{[%clk 0:15:24]} 17. Nd2 {[%clk 0:14:30]} Rd8 {[%clk 0:09:54]} 18. Re3
{[%clk 0:06:07]} Bf5 {[%clk 0:02:06]} 19. Rfe1 {[%clk 0:05:38]} Rd7
{[%clk 0:01:28]} 20. h3 {[%clk 0:05:03]} h5 {[%clk 0:01:43]} 21. Nf3
{[%clk 0:04:19]} Bh6 {[%clk 0:01:10]} 22. R3e2 Kh7 {[%clk 0:00:34]} 23. Nh4
{[%clk 0:04:43]} d5 {[%clk 0:00:33]} 24. Nxf5 {[%clk 0:03:52]} gxf5
{[%clk 0:00:43]} 25. Bxf6 {[%clk 0:02:56]} Qxf6 {[%clk 0:00:47]} 26. cxd5
{[%clk 0:03:11]} cxd5 {[%clk 0:00:37]} 27. Re6 {[%clk 0:03:22]} Qd4
{[%clk 0:00:31]} 28. Qf3 {[%clk 0:03:33]} 1-0

[Event "High League 2022 women"]
[Site "Obninsk"]
[Date "2022.06.29"]
[Round "4.1"]
[White "Goltseva, Ekaterina"]
[Black "Karmanova, Olga Dm."]
[Result "1-0"]
[LiveChessVersion "1.4.7"]
[BlackElo "2157"]
[WhiteElo "2284"]

1. Nf3 {[%clk 1:30:53]} d5 {[%clk 1:30:54]} 2. d4 {[%clk 1:30:46]} Nf6
{[%clk 1:31:15]} 3. c4 {[%clk 1:30:55]} e6 {[%clk 1:31:40]} 4. Nc3
{[%clk 1:29:53]} a6 {[%clk 1:31:59]} 5. cxd5 {[%clk 1:27:33]} exd5
{[%clk 1:32:22]} 6. Bg5 {[%clk 1:27:42]} Be6 {[%clk 1:32:21]} 7. Qb3
{[%clk 1:18:32]} Nbd7 {[%clk 1:18:21]} 8. e3 {[%clk 1:10:15]} b5 {[%clk 0:52:45]}
9. Bd3 {[%clk 0:52:30]} c5 {[%clk 0:50:16]} 10. Qd1 {[%clk 0:52:31]} c4
{[%clk 0:49:34]} 11. Bc2 {[%clk 0:47:01]} b4 {[%clk 0:47:43]} 12. Ne2
{[%clk 0:45:19]} Be7 {[%clk 0:45:16]} 13. Ng3 {[%clk 0:34:59]} O-O
{[%clk 0:36:35]} 14. Ne5 {[%clk 0:22:36]} Nxe5 {[%clk 0:30:17]} 15. dxe5
{[%clk 0:23:01]} Ng4 {[%clk 0:27:44]} 16. Bxe7 {[%clk 0:22:47]} Qxe7
{[%clk 0:28:12]} 17. h3 {[%clk 0:20:28]} Nh6 {[%clk 0:22:22]} 18. O-O
{[%clk 0:18:47]} Qg5 {[%clk 0:22:10]} 19. Qh5 {[%clk 0:15:27]} Qxh5
{[%clk 0:21:45]} 20. Nxh5 {[%clk 0:15:54]} Bf5 {[%clk 0:21:31]} 21. Rac1
{[%clk 0:09:15]} Rfe8 {[%clk 0:20:00]} 22. f4 {[%clk 0:08:36]} Bxc2
{[%clk 0:18:23]} 23. Rxc2 {[%clk 0:09:03]} Nf5 {[%clk 0:18:46]} 24. Kf2
{[%clk 0:09:21]} a5 {[%clk 0:13:59]} 25. g4 {[%clk 0:08:54]} Ne7 {[%clk 0:14:24]}
26. Rd1 {[%clk 0:06:50]} a4 {[%clk 0:12:26]} 27. a3 {[%clk 0:06:14]} bxa3
{[%clk 0:07:52]} 28. bxa3 {[%clk 0:06:41]} Rab8 {[%clk 0:08:19]} 29. e4
{[%clk 0:06:44]} dxe4 {[%clk 0:06:36]} 30. Rxc4 {[%clk 0:07:10]} Rb2+
{[%clk 0:06:03]} 31. Ke1 {[%clk 0:03:21]} Ng6 {[%clk 0:02:25]} 32. Rxe4
{[%clk 0:02:49]} Nh4 {[%clk 0:02:34]} 33. Rd3 {[%clk 0:02:29]} h6
{[%clk 0:01:39]} 34. Re2 {[%clk 0:02:27]} Rb1+ {[%clk 0:01:28]} 35. Kf2
{[%clk 0:02:39]} Rc8 {[%clk 0:01:48]} 36. e6 {[%clk 0:02:28]} fxe6
{[%clk 0:01:47]} 37. Rd7 {[%clk 0:02:53]} Rb3 {[%clk 0:01:57]} 38. Rxg7+
{[%clk 0:02:38]} Kf8 {[%clk 0:02:08]} 39. Rh7 {[%clk 0:00:59]} Rc1
{[%clk 0:02:03]} 40. Rh8+ {[%clk 0:30:41]} Ke7 {[%clk 0:31:07]} 41. Rd2
{[%clk 0:26:03]} e5 {[%clk 0:26:03]} 42. Rh7+ {[%clk 0:22:05]} Ke6
{[%clk 0:26:29]} 43. Ng7+ {[%clk 0:21:26]} 1-0

[Event "High League 2022 women"]
[Site "Obninsk"]
[Date "2022.06.29"]
[Round "4.2"]
[White "Guseva, Marina"]
[Black "Girya, Olga"]
[Result "1/2-1/2"]
[LiveChessVersion "1.4.7"]
[BlackElo "2407"]
[WhiteElo "2377"]

1. d4 {[%clk 1:30:57]} Nf6 {[%clk 1:28:55]} 2. c4 {[%clk 1:31:22]} e6
{[%clk 1:29:16]} 3. Nf3 {[%clk 1:31:48]} d5 {[%clk 1:29:33]} 4. g3
{[%clk 1:32:14]} Be7 {[%clk 1:29:53]} 5. Bg2 {[%clk 1:32:39]} O-O
{[%clk 1:30:17]} 6. O-O {[%clk 1:33:05]} dxc4 {[%clk 1:30:41]} 7. Qa4
{[%clk 1:33:32]} a6 {[%clk 1:30:49]} 8. Qxc4 {[%clk 1:33:57]} b5 {[%clk 1:31:12]}
9. Qc2 {[%clk 1:34:23]} Bb7 {[%clk 1:31:34]} 10. Bd2 {[%clk 1:34:48]} Be4
{[%clk 1:31:20]} 11. Qc1 {[%clk 1:35:12]} c6 {[%clk 1:31:07]} 12. Rd1
{[%clk 1:35:07]} Nbd7 {[%clk 1:31:14]} 13. Nc3 {[%clk 1:35:30]} Bg6
{[%clk 1:31:32]} 14. Nh4 {[%clk 1:34:53]} Bh5 {[%clk 1:31:22]} 15. a3
{[%clk 1:35:09]} Rc8 {[%clk 1:31:34]} 16. b4 {[%clk 1:35:17]} Nd5
{[%clk 1:30:43]} 17. Nf3 {[%clk 1:35:36]} Bg6 {[%clk 1:30:55]} 18. e3
{[%clk 1:31:05]} Qc7 {[%clk 1:23:16]} 19. Re1 {[%clk 1:23:00]} Nxc3
{[%clk 1:08:53]} 20. Bxc3 {[%clk 1:23:20]} Be4 {[%clk 1:08:24]} 21. Qb2
{[%clk 1:15:35]} Nb6 {[%clk 1:02:56]} 22. Nd2 {[%clk 1:14:18]} Na4
{[%clk 0:57:47]} 23. Qb3 {[%clk 1:14:14]} Bd5 {[%clk 0:53:34]} 24. Qc2
{[%clk 1:14:33]} Bxg2 {[%clk 0:50:45]} 25. Kxg2 {[%clk 1:13:42]} c5
{[%clk 0:49:33]} 26. bxc5 {[%clk 1:05:19]} Bxc5 {[%clk 0:49:47]} 27. Bb4
{[%clk 1:00:21]} Bxb4 {[%clk 0:31:32]} 28. Qxc7 {[%clk 1:00:45]} Rxc7
{[%clk 0:32:00]} 29. axb4 {[%clk 1:01:10]} Rc2 {[%clk 0:29:12]} 30. Ne4
{[%clk 0:59:34]} Rc4 {[%clk 0:18:55]} 31. Nc5 {[%clk 0:44:16]} Rxb4
{[%clk 0:13:44]} 32. Nxa6 {[%clk 0:37:12]} Rc4 {[%clk 0:14:09]} 33. Reb1
{[%clk 0:33:50]} Nc3 {[%clk 0:13:52]} 34. Rb3 {[%clk 0:33:01]} h5
{[%clk 0:08:37]} 35. Nc5 {[%clk 0:31:31]} Rc8 {[%clk 0:05:34]} 36. Nd7
{[%clk 0:23:17]} R4c7 {[%clk 0:02:15]} 37. Nc5 {[%clk 0:23:18]} Na4
{[%clk 0:01:48]} 38. Nxa4 {[%clk 0:23:39]} bxa4 {[%clk 0:02:14]} 39. Rxa4
{[%clk 0:24:06]} Rc2 {[%clk 0:01:36]} 40. Ra7 {[%clk 0:52:56]} R8c7
{[%clk 0:30:56]} 41. Rxc7 {[%clk 0:44:54]} Rxc7 {[%clk 0:31:24]} 42. h4 g6
{[%clk 0:29:20]} 43. Kf3 {[%clk 0:45:37]} Rc2 {[%clk 0:24:13]} 44. e4
{[%clk 0:44:09]} Kg7 {[%clk 0:23:46]} 45. Ke3 {[%clk 0:43:00]} Kf6 46. Rd3
{[%clk 0:43:16]} Ke7 {[%clk 0:23:35]} 47. Rd2 {[%clk 0:43:16]} Rc4
{[%clk 0:24:13]} 48. Kf4 {[%clk 0:32:00]} Kf6 49. Rd3 {[%clk 0:32:25]} Ra4
{[%clk 0:23:00]} 50. Ke3 {[%clk 0:32:47]} Ke7 {[%clk 0:17:46]} 51. Rb3
{[%clk 0:29:27]} Kf6 {[%clk 0:15:45]} 52. Rb6 {[%clk 0:27:49]} Ke7
{[%clk 0:16:11]} 53. Rb7+ {[%clk 0:27:45]} Kf6 54. Rd7 {[%clk 0:28:05]} Ra3+
{[%clk 0:15:05]} 55. Kf4 {[%clk 0:23:37]} Rd3 {[%clk 0:06:11]} 56. f3
{[%clk 0:23:37]} Kg7 57. e5 {[%clk 0:10:36]} Kf8 {[%clk 0:05:24]} 58. Ke4
{[%clk 0:08:47]} Ra3 {[%clk 0:04:24]} 59. d5 {[%clk 0:08:06]} Ra4+
{[%clk 0:04:29]} 60. Ke3 {[%clk 0:08:32]} exd5 61. Rxd5 {[%clk 0:08:45]} Ke7
{[%clk 0:04:15]} 62. Rd4 {[%clk 0:09:32]} Ra1 {[%clk 0:04:00]} 63. Kf4
{[%clk 0:09:56]} Rg1 {[%clk 0:03:49]} 64. Ra4 Ke6 {[%clk 0:04:19]} 65. Ra6+
{[%clk 0:10:13]} Ke7 66. Ra2 {[%clk 0:07:17]} Ke6 {[%clk 0:04:41]} 67. Re2 f6 68.
exf6+ {[%clk 0:07:17]} Kxf6 {[%clk 0:03:01]} 69. Rd2 {[%clk 0:07:46]} Ra1
{[%clk 0:03:10]} 70. Rd6+ Kg7 71. Rd5 {[%clk 0:07:38]} Kf6 {[%clk 0:03:34]} 72.
Rd4 {[%clk 0:07:30]} Ra6 {[%clk 0:02:51]} 73. g4 {[%clk 0:06:46]} hxg4
{[%clk 0:02:45]} 74. Kxg4 Ra1 75. Rb4 {[%clk 0:04:54]} 1/2-1/2

[Event "High League 2022 women"]
[Site "Obninsk"]
[Date "2022.06.29"]
[Round "4.3"]
[White "Grigorieva, Yulia"]
[Black "Bodnaruk, Anastasia"]
[Result "0-1"]
[LiveChessVersion "1.4.7"]
[BlackElo "2390"]
[WhiteElo "2218"]

1. d4 {[%clk 1:30:57]} Nf6 {[%clk 1:30:54]} 2. c4 {[%clk 1:31:22]} g6 3. Nc3 Bg7
{[%clk 1:31:44]} 4. e4 {[%clk 1:32:11]} d6 {[%clk 1:32:07]} 5. Nf3
{[%clk 1:32:30]} O-O {[%clk 1:32:29]} 6. Be2 e5 {[%clk 1:32:34]} 7. O-O
{[%clk 1:30:20]} Na6 {[%clk 1:32:10]} 8. Be3 {[%clk 1:27:50]} Ng4
{[%clk 1:30:36]} 9. Bg5 {[%clk 1:28:06]} Qe8 {[%clk 1:24:30]} 10. h3
{[%clk 1:00:14]} exd4 {[%clk 1:23:23]} 11. Nd5 {[%clk 0:58:37]} f6
{[%clk 1:16:09]} 12. Bc1 {[%clk 0:52:43]} Nh6 {[%clk 1:16:09]} 13. Nxd4 c6
{[%clk 1:14:50]} 14. Nc3 {[%clk 0:48:47]} Nc5 {[%clk 1:13:35]} 15. Qc2
{[%clk 0:43:40]} Nf7 {[%clk 0:59:53]} 16. Be3 {[%clk 0:37:55]} Ng5
{[%clk 0:55:56]} 17. Bxg5 {[%clk 0:28:56]} fxg5 {[%clk 0:56:22]} 18. Rad1
{[%clk 0:29:14]} Qe7 {[%clk 0:47:30]} 19. Bg4 {[%clk 0:26:14]} h5
{[%clk 0:42:16]} 20. Bxc8 {[%clk 0:21:41]} Raxc8 {[%clk 0:42:43]} 21. f3
{[%clk 0:19:08]} g4 {[%clk 0:31:58]} 22. b4 {[%clk 0:12:51]} Bxd4+
{[%clk 0:22:18]} 23. Rxd4 {[%clk 0:13:20]} Ne6 {[%clk 0:22:44]} 24. Rd2
{[%clk 0:12:02]} gxf3 {[%clk 0:22:38]} 25. e5 {[%clk 0:08:07]} Nf4
{[%clk 0:17:49]} 26. g3 {[%clk 0:05:00]} Qg5 {[%clk 0:14:20]} 27. Kh2
{[%clk 0:03:59]} Ne2 {[%clk 0:13:48]} 28. Nxe2 {[%clk 0:00:54]} fxe2
{[%clk 0:14:12]} 29. Rxf8+ {[%clk 0:01:04]} Rxf8 {[%clk 0:14:39]} 30. Rxe2
{[%clk 0:01:29]} Rf3 {[%clk 0:13:27]} 31. Rg2 {[%clk 0:01:22]} dxe5
{[%clk 0:08:35]} 32. c5 {[%clk 0:01:29]} Kg7 {[%clk 0:07:19]} 33. Qd1
{[%clk 0:01:03]} Qf5 {[%clk 0:05:42]} 34. Qd6 {[%clk 0:00:49]} Rf1
{[%clk 0:03:46]} 35. Qe7+ {[%clk 0:00:59]} Kh6 {[%clk 0:03:58]} 36. Qe8
{[%clk 0:00:37]} Qf6 {[%clk 0:03:47]} 37. h4 {[%clk 0:00:43]} g5 {[%clk 0:01:13]}
38. hxg5+ {[%clk 0:00:51]} Kxg5 {[%clk 0:01:42]} 39. Qg8+ {[%clk 0:00:51]} Kh6
{[%clk 0:01:52]} 40. Qc4 {[%clk 0:30:39]} Rf2 {[%clk 0:30:46]} 41. a4
{[%clk 0:23:18]} Qf5 {[%clk 0:19:57]} 42. Qg8 {[%clk 0:13:11]} Qf6
{[%clk 0:19:10]} 43. b5 {[%clk 0:08:02]} h4 {[%clk 0:15:20]} 44. b6
{[%clk 0:02:26]} a6 {[%clk 0:12:52]} 45. a5 {[%clk 0:02:19]} hxg3+
{[%clk 0:11:04]} 46. Qxg3 {[%clk 0:02:02]} Rxg2+ {[%clk 0:07:46]} 47. Kxg2
{[%clk 0:02:37]} Qg5 {[%clk 0:03:53]} 48. Kh1 e4 {[%clk 0:03:56]} 49. Qd6+
{[%clk 0:01:57]} Kh5 {[%clk 0:01:48]} 50. Qc7 Qh4+ 51. Kg2 {[%clk 0:00:35]} Qg4+
{[%clk 0:02:17]} 52. Kh1 e3 {[%clk 0:01:07]} 53. Qh7+ {[%clk 0:00:43]} Kg5
{[%clk 0:01:34]} 54. Qg8+ {[%clk 0:00:41]} Kf4 {[%clk 0:01:37]} 55. Qf7+
{[%clk 0:00:44]} Kg3 {[%clk 0:00:58]} 56. Qc7+ {[%clk 0:01:03]} Kf3
{[%clk 0:00:35]} 57. Qf7+ {[%clk 0:00:59]} Kg3 {[%clk 0:00:43]} 58. Qc7+
{[%clk 0:01:14]} Kf2 {[%clk 0:00:55]} 59. Qh2+ {[%clk 0:00:58]} Kf3 60. Qb2 Qh4+
{[%clk 0:01:12]} 61. Kg1 {[%clk 0:01:04]} Qe1+ {[%clk 0:01:34]} 62. Kh2 Qf2+
{[%clk 0:01:56]} 63. Kh1 {[%clk 0:01:54]} Qxb2 {[%clk 0:02:18]} 0-1

[Event "High League 2022 women"]
[Site "Obninsk"]
[Date "2022.06.29"]
[Round "4.4"]
[White "Garifullina, Leya"]
[Black "Zhapova, Yana"]
[Result "1/2-1/2"]
[LiveChessVersion "1.4.7"]
[BlackElo "2204"]
[WhiteElo "2398"]

1. e4 {[%clk 1:30:48]} c6 {[%clk 1:30:48]} 2. d4 {[%clk 1:31:04]} d5
{[%clk 1:31:09]} 3. e5 {[%clk 1:31:10]} Bf5 {[%clk 1:31:21]} 4. Nf3
{[%clk 1:31:05]} e6 {[%clk 1:31:36]} 5. Be2 {[%clk 1:31:26]} c5 {[%clk 1:31:49]}
6. O-O {[%clk 1:29:23]} Nc6 {[%clk 1:30:20]} 7. c3 {[%clk 1:24:59]} cxd4
{[%clk 1:26:41]} 8. Nxd4 {[%clk 1:24:03]} Nge7 {[%clk 1:21:12]} 9. Qb3
{[%clk 1:16:00]} Nxd4 {[%clk 1:11:35]} 10. cxd4 {[%clk 1:16:20]} Qb6
{[%clk 1:11:10]} 11. Qxb6 {[%clk 1:15:55]} axb6 {[%clk 1:11:38]} 12. Nc3
{[%clk 1:15:55]} Nc6 {[%clk 1:11:08]} 13. Be3 {[%clk 1:15:59]} h5
{[%clk 1:09:41]} 14. g3 {[%clk 1:09:31]} Be7 {[%clk 1:07:06]} 15. f4
{[%clk 1:07:10]} Kd7 {[%clk 1:02:05]} 16. a3 {[%clk 1:01:40]} Rag8
{[%clk 0:57:18]} 17. Kf2 {[%clk 0:59:45]} f6 {[%clk 0:45:04]} 18. b4
{[%clk 0:52:10]} Bd8 {[%clk 0:30:38]} 19. Ke1 {[%clk 0:47:39]} Bh3
{[%clk 0:24:44]} 20. Rf2 {[%clk 0:43:48]} f5 {[%clk 0:23:28]} 21. Kd2
{[%clk 0:41:32]} Bg4 {[%clk 0:22:47]} 22. Bb5 {[%clk 0:38:08]} h4
{[%clk 0:22:10]} 23. Be2 {[%clk 0:31:04]} hxg3 {[%clk 0:19:06]} 24. hxg3
{[%clk 0:31:30]} Bxe2 {[%clk 0:17:56]} 25. Nxe2 {[%clk 0:31:52]} g5
{[%clk 0:14:31]} 26. Kd3 {[%clk 0:30:15]} g4 {[%clk 0:13:19]} 27. Rff1
{[%clk 0:30:08]} Be7 {[%clk 0:12:34]} 28. Rh1 {[%clk 0:29:37]} Ra8
{[%clk 0:12:19]} 29. Rxh8 {[%clk 0:29:50]} Rxh8 {[%clk 0:12:39]} 30. Rg1
{[%clk 0:29:28]} Rh7 {[%clk 0:11:27]} 1/2-1/2

[Event "High League 2022 women"]
[Site "Obninsk"]
[Date "2022.06.29"]
[Round "4.5"]
[White "Kleymenova, Valeria"]
[Black "Bivol, Alina"]
[Result "0-1"]
[LiveChessVersion "1.4.7"]
[BlackElo "2364"]
[WhiteElo "2177"]

1. d4 {[%clk 1:30:57]} e6 {[%clk 1:30:31]} 2. c4 {[%clk 1:31:11]} b6
{[%clk 1:30:54]} 3. Nc3 {[%clk 1:30:36]} Bb4 {[%clk 1:29:42]} 4. Qc2
{[%clk 1:29:18]} Bb7 {[%clk 1:27:35]} 5. a3 {[%clk 1:24:17]} Bxc3+
{[%clk 1:27:37]} 6. Qxc3 {[%clk 1:24:36]} Nf6 {[%clk 1:23:54]} 7. Qg3
{[%clk 1:18:34]} d5 {[%clk 1:19:24]} 8. cxd5 {[%clk 1:12:09]} O-O
{[%clk 1:08:07]} 9. dxe6 {[%clk 1:08:02]} fxe6 {[%clk 1:04:43]} 10. Nf3
{[%clk 1:06:33]} c5 {[%clk 1:02:07]} 11. Bh6 {[%clk 1:00:40]} Qe7
{[%clk 1:00:16]} 12. Bg5 {[%clk 0:59:01]} Nc6 {[%clk 0:59:07]} 13. dxc5
{[%clk 0:54:16]} Rad8 {[%clk 0:52:09]} 14. Rc1 {[%clk 0:50:59]} Qd7
{[%clk 0:41:03]} 15. Qd6 {[%clk 0:47:52]} Qe8 {[%clk 0:41:21]} 16. Qf4
{[%clk 0:42:35]} e5 {[%clk 0:40:08]} 17. Qc4+ {[%clk 0:42:05]} Kh8
{[%clk 0:40:32]} 18. e3 {[%clk 0:33:32]} e4 {[%clk 0:34:44]} 19. Nd4
{[%clk 0:32:34]} Nxd4 {[%clk 0:33:32]} 20. exd4 {[%clk 0:32:56]} bxc5
{[%clk 0:33:01]} 21. dxc5 {[%clk 0:32:19]} e3 {[%clk 0:14:13]} 22. fxe3
{[%clk 0:28:21]} Qg6 {[%clk 0:11:52]} 23. Bf4 {[%clk 0:25:39]} Nd5
{[%clk 0:10:43]} 24. c6 {[%clk 0:17:46]} Nxf4 {[%clk 0:10:45]} 25. exf4
{[%clk 0:17:28]} Qd6 {[%clk 0:09:28]} 26. Qb4 {[%clk 0:12:34]} Qe6+
{[%clk 0:08:37]} 27. Be2 {[%clk 0:06:32]} Bxc6 {[%clk 0:08:43]} 28. Rxc6
{[%clk 0:01:24]} Qxc6 {[%clk 0:09:07]} 29. O-O {[%clk 0:01:45]} Rb8
{[%clk 0:09:22]} 30. Qd4 {[%clk 0:01:49]} a5 {[%clk 0:08:45]} 31. b4
{[%clk 0:01:44]} axb4 {[%clk 0:07:16]} 32. axb4 {[%clk 0:02:10]} Rfd8
{[%clk 0:07:38]} 33. b5 {[%clk 0:01:48]} Qe6 {[%clk 0:05:51]} 34. Qe5
{[%clk 0:00:51]} Qb6+ {[%clk 0:04:39]} 35. Kh1 {[%clk 0:01:14]} Re8
{[%clk 0:05:05]} 36. Qh5 {[%clk 0:00:36]} Qe3 {[%clk 0:05:19]} 37. Bc4
{[%clk 0:00:38]} Rbc8 {[%clk 0:05:22]} 38. Qd5 {[%clk 0:00:35]} Qc3
{[%clk 0:05:04]} 39. Bb3 {[%clk 0:00:32]} Re3 {[%clk 0:00:54]} 40. Ba2
{[%clk 0:30:33]} Re2 {[%clk 0:30:49]} 41. h3 {[%clk 0:27:13]} Rd2
{[%clk 0:29:57]} 42. Qe6 {[%clk 0:24:33]} Rcd8 {[%clk 0:29:55]} 43. Bb1
{[%clk 0:22:50]} Qc5 {[%clk 0:28:14]} 44. Qe4 {[%clk 0:20:23]} g6
{[%clk 0:28:35]} 45. Qe6 {[%clk 0:19:20]} R2d6 {[%clk 0:21:22]} 46. Qe2
{[%clk 0:14:19]} Rd2 {[%clk 0:20:12]} 47. Qe6 {[%clk 0:13:29]} Qd5
{[%clk 0:19:09]} 48. Qf6+ {[%clk 0:09:08]} Kg8 {[%clk 0:19:35]} 49. Qc6
{[%clk 0:08:59]} Qxc6 {[%clk 0:16:12]} 50. bxc6 {[%clk 0:09:22]} Rd1
{[%clk 0:16:29]} 51. Ba2+ {[%clk 0:09:46]} Kg7 {[%clk 0:16:53]} 52. Rxd1
{[%clk 0:09:07]} Rxd1+ {[%clk 0:17:22]} 53. Kh2 {[%clk 0:09:28]} Rd6
{[%clk 0:17:46]} 54. c7 {[%clk 0:09:13]} Rc6 {[%clk 0:18:15]} 55. Bd5
{[%clk 0:08:47]} Rxc7 {[%clk 0:18:39]} 56. Kg3 {[%clk 0:08:07]} Rc3+
{[%clk 0:17:52]} 57. Kf2 {[%clk 0:08:03]} Kf6 {[%clk 0:18:17]} 58. Be4
{[%clk 0:08:19]} Ra3 {[%clk 0:18:37]} 59. g3 {[%clk 0:07:01]} Ke6
{[%clk 0:18:15]} 60. h4 {[%clk 0:06:49]} Ra2+ {[%clk 0:17:34]} 61. Kf3
{[%clk 0:06:15]} Ra5 {[%clk 0:17:17]} 62. g4 {[%clk 0:04:59]} Kd6
{[%clk 0:17:21]} 63. Bb1 {[%clk 0:01:27]} Ra3+ {[%clk 0:17:27]} 64. Kg2
{[%clk 0:01:08]} Kd5 {[%clk 0:17:14]} 65. g5 {[%clk 0:00:53]} Ra1
{[%clk 0:14:31]} 66. Bd3 {[%clk 0:01:18]} Kd4 {[%clk 0:14:38]} 67. Bb5
{[%clk 0:00:43]} Ke4 {[%clk 0:14:15]} 68. Kg3 {[%clk 0:00:48]} Rg1+
{[%clk 0:14:26]} 69. Kh2 {[%clk 0:00:54]} Rg4 {[%clk 0:13:30]} 70. Kh3
{[%clk 0:00:56]} Kxf4 {[%clk 0:13:26]} 71. Bc4 {[%clk 0:00:54]} Rg3+
{[%clk 0:13:43]} 72. Kh2 {[%clk 0:01:20]} Kg4 {[%clk 0:13:39]} 73. Bg8
{[%clk 0:01:38]} Rh3+ {[%clk 0:14:02]} 0-1

[Event "High League 2022 women"]
[Site "Obninsk"]
[Date "2022.06.29"]
[Round "4.6"]
[White "Kovalevskaya, Ekaterina"]
[Black "Miroshnik, Ekaterina"]
[Result "1-0"]
[LiveChessVersion "1.4.7"]
[BlackElo "2169"]
[WhiteElo "2364"]

1. Nf3 {[%clk 1:30:56]} Nf6 {[%clk 1:27:23]} 2. g3 {[%clk 1:31:11]} d6
{[%clk 1:26:53]} 3. d4 {[%clk 1:31:19]} Nbd7 {[%clk 1:27:08]} 4. Nc3
{[%clk 1:29:08]} e5 {[%clk 1:26:57]} 5. e4 {[%clk 1:29:32]} Be7 {[%clk 1:27:18]}
6. Bg2 {[%clk 1:29:55]} O-O {[%clk 1:27:43]} 7. O-O {[%clk 1:30:14]} c6
{[%clk 1:28:00]} 8. a4 {[%clk 1:30:27]} b6 {[%clk 1:27:55]} 9. Nh4
{[%clk 1:10:56]} g6 {[%clk 1:20:42]} 10. Bh6 {[%clk 1:04:11]} Re8
{[%clk 1:21:07]} 11. h3 {[%clk 1:04:24]} Ba6 {[%clk 1:17:54]} 12. Re1
{[%clk 1:04:44]} Bb7 {[%clk 1:18:14]} 13. Qd2 {[%clk 1:03:48]} Kh8
{[%clk 1:00:11]} 14. Nf3 {[%clk 1:02:56]} Ng8 {[%clk 0:56:28]} 15. Be3
{[%clk 1:00:38]} Qc7 {[%clk 0:50:38]} 16. Qe2 {[%clk 0:50:50]} f6
{[%clk 0:43:01]} 17. Rad1 {[%clk 0:42:34]} Nf8 {[%clk 0:37:32]} 18. h4
{[%clk 0:27:09]} Bc8 {[%clk 0:32:45]} 19. Nh2 {[%clk 0:27:26]} Kg7
{[%clk 0:29:42]} 20. f4 {[%clk 0:20:16]} Be6 {[%clk 0:14:17]} 21. Rf1
{[%clk 0:17:11]} Nh6 {[%clk 0:11:09]} 22. fxe5 {[%clk 0:14:59]} fxe5
{[%clk 0:09:38]} 23. d5 {[%clk 0:13:37]} cxd5 {[%clk 0:06:20]} 24. exd5
{[%clk 0:13:52]} Bg8 {[%clk 0:05:40]} 25. Bh3 {[%clk 0:12:26]} Qd8
{[%clk 0:03:59]} 26. Rf2 {[%clk 0:06:30]} g5 {[%clk 0:02:39]} 27. Rdf1
{[%clk 0:03:32]} Ng6 {[%clk 0:02:02]} 28. Qh5 {[%clk 0:03:01]} Nf7
{[%clk 0:01:49]} 29. Rxf7+ {[%clk 0:03:12]} Bxf7 {[%clk 0:02:17]} 30. Rxf7+
{[%clk 0:03:30]} Kxf7 {[%clk 0:02:45]} 31. Qxh7+ {[%clk 0:03:52]} Kf8
{[%clk 0:03:10]} 32. Be6 {[%clk 0:04:07]} 1-0